000 00401nam a2200145Ia 4500
008 200103s9999||||xx |||||||||||||| ||und||
020 _a9780521430425
040 _aIMU-MPC
082 _aColumn-11
100 _aDiaz, Henry, F.
245 0 _aE1 Nino: Historical and Paleoclimatic Aspects of the Southern Oscillation
260 _bCambridge University Press
_c1993
300 _axii, 476
942 _cBK
999 _c4672
_d4672